Maktubaat e Barqia / (Record no. 524146)
[ view plain ]
| 000 -LEADER | |
|---|---|
| fixed length control field | 00503nam a22001697a 4500 |
| 003 - CONTROL NUMBER IDENTIFIER | |
| control field | NUST |
| 038 ## - RECORD CONTENT LICENSOR | |
| Staff Name | Waseem |
| 082 ## - DEWEY DECIMAL CLASSIFICATION NUMBER | |
| Classification number | 891.421 |
| Author Mark | NOS |
| 100 ## - MAIN ENTRY--PERSONAL NAME | |
| Personal name | Noshahi, Syed Abu ul kamal Baraq |
| 9 (RLIN) | 14971 |
| 245 ## - TITLE STATEMENT | |
| Title | Maktubaat e Barqia / |
| Statement of responsibility, etc. | Syed Abu ul kamal Noshahi |
| 260 ## - PUBLICATION, DISTRIBUTION, ETC. | |
| Place of publication, distribution, etc. | UK : |
| Name of publisher, distributor, etc. | Bazm e Noshahi Bred Ford , |
| Date of publication, distribution, etc. | 1985. |
| 300 ## - PHYSICAL DESCRIPTION | |
| Extent | 464 p. ; |
| 500 ## - GENERAL NOTE | |
| General note | Hard cover. |
| 880 ## - ALTERNATE GRAPHIC REPRESENTATION | |
| Linkage | 100-02\r |
| Title | سید ابوالکمال برق نوشاہی |
| 880 ## - ALTERNATE GRAPHIC REPRESENTATION | |
| Linkage | 245-02\r |
| Title | مکتوبات برقیہ |
| 942 ## - ADDED ENTRY ELEMENTS (KOHA) | |
| Source of classification or shelving scheme | |
| Koha item type | Book |
| Withdrawn status | Lost status | Source of classification or shelving scheme | Damaged status | Not for loan | Permanent Location | Current Location | Date acquired | Total Checkouts | Full call number | Barcode | Date last seen | Price effective from | Koha item type |
|---|---|---|---|---|---|---|---|---|---|---|---|---|---|
| Central Library (CL) | Central Library (CL) | 06/18/2019 | 891.421 NOS | CL-E-1605 | 06/18/2019 | 06/18/2019 | Book |
